Visualizzazione normale
Vista MARC
- Mozart Wolfgang Amadeus
di Personal Name
Records bibliografici associati: 1
001 - CONTROL NUMBER
- control field: 22384
003 - CONTROL NUMBER IDENTIFIER
- control field: IT-RoPau
005 - DATE AND TIME OF LATEST TRANSACTION
- control field: 20140427162953.0
008 - FIXED-LENGTH DATA ELEMENTS
- fixed length control field: 140427|| aca||aabn | a|a d
040 ## - CATALOGING SOURCE
- Original cataloging agency: IT-RoPau
- Transcribing agency: IT-RoPau
100 ## - HEADING--PERSONAL NAME
- Personal name: Mozart Wolfgang Amadeus
- Dates associated with a name: Codice autore musica SPICS: 3486
- Relator term: Autore musica
- Name of part/section of a work: Don Giovanni: ouverture
670 ## - SOURCE DATA FOUND
- Source citation: Work cat.: (IT-RoPau)99802: AA.VV. 794, Si alza il sipario, vol. 01